| 000 | 00916naa a2200229 c 4500 | ||
|---|---|---|---|
| 001 | 47735 | ||
| 003 | ES-MaCES | ||
| 005 | 20160608092236.0 | ||
| 008 | 160608s2016 sp ||||| t||||||| ||spa d | ||
| 040 |
_aES-MaCES _bspa _cES-MaCES _dES-MaCES |
||
| 100 | 1 |
_925895 _aVilla Gil, Luis Enrique de la |
|
| 245 | 1 | 3 |
_aEl fomento del empleo como objetivo del ordenamiento jurídico _cLuis Enrique de la Villa Gil |
| 650 | 4 |
_930270 _afomento del empleo |
|
| 650 | 4 |
_928300 _apolítica de empleo |
|
| 650 | 4 |
_927165 _aderecho del trabajo |
|
| 650 | 4 |
_929894 _arégimen jurídico |
|
| 650 | 4 |
_929892 _areforma legislativa |
|
| 653 | 1 | 0 | _aEmpleo |
| 773 | 0 |
_984673 _dSevilla Consejo Andaluz de Relaciones Laborales [2016] _o087574 _tLa política y el Derecho del empleo en la nueva sociedad del trabajo _w(ES-MaCES)47679 _z9788460858188 _gp.240-254 . - SG-2.1.-78 |
|
| 902 | _aARL Artículo de libro | ||
| 942 |
_2CES _cAR _h2.0. |
||
| 999 |
_c47735 _d47735 |
||